[Event "NED-ch U16 op"]
[Site "Borne"]
[Date "2019.08.07"]
[Round "4"]
[White "Maas, Tristan"]
[Black "Wiggers, Yannick"]
[Result "1-0"]
[WhiteElo "1467"]
[BlackElo "1331"]
[PlyCount "41"]
[EventDate "2019.08.05"]
[EventType "swiss"]
[EventRounds "9"]
[EventCountry "NED"]
[SourceTitle "EXT 2020"]
[Source "ChessBase"]
[SourceDate "2019.10.17"]
[SourceVersion "1"]
[SourceVersionDate "2019.10.17"]
[SourceQuality "1"]

1. e4 c5 2. Nf3 e6 3. d4 cxd4 4. Nxd4 Nf6 5. Nc3 Bb4 6. e5 Nd5 7. Bd2 Bxc3 8. bxc3 Qc7 9. f4 a6 10. Qf3 b5 11. Bxb5 axb5 12. Nxb5 Qc5 13. Nd6+ Kf8 14. c4 Nc7 15. Nxc8 Nc6 16. Nd6 h5 17. Qe3 Qxe3+ 18. Bxe3 Rb8 19. 0-0 Rb2 20. Rfc1 Ke7 21. Bc5 1-0

[Event "NED-ch U16 op"]
[Site "Borne"]
[Date "2019.08.07"]
[Round "5"]
[White "Winter, Ynse"]
[Black "Maas, Tristan"]
[Result "1-0"]
[WhiteElo "1021"]
[BlackElo "1467"]
[PlyCount "32"]
[EventDate "2019.08.05"]
[EventType "swiss"]
[EventRounds "9"]
[EventCountry "NED"]
[SourceTitle "EXT 2020"]
[Source "ChessBase"]
[SourceDate "2019.10.17"]
[SourceVersion "1"]
[SourceVersionDate "2019.10.17"]
[SourceQuality "1"]

1. d4 d5 2. c4 c6 3. Nc3 Nf6 4. Nf3 Bf5 5. Qb3 Qd7 6. Bf4 e6 7. e3 h6 8. Be2 Be7 9. 0-0 0-0 10. Rac1 Nh5 11. Bxb8 Raxb8 12. Ne5 Qc7 13. Bxh5 f6 14. Ng6 Bxg6 15. Bxg6 f5 16. cxd5 e5 1-0